| 000 | 00476nam a2200157 a 4500 | ||
|---|---|---|---|
| 001 | 000027679 | ||
| 005 | 20200930031018.0 | ||
| 008 | 110404s19uu dr c 000 0 spa d | ||
| 040 |
_aDO-SdBNP _bspa _cBNPHU |
||
| 100 | 1 |
_aRivera, Papito _929496 |
|
| 245 | 1 | 3 |
_aEl guerrillero general Demetrio RodrĂguez / _cPapito Rivera. |
| 260 |
_a[Santo Domingo] : _bEditora Nival, _c[196?]. |
||
| 300 |
_a67 p. : _bil., retrs. ; _c21 cm. |
||
| 504 | _aBibliografĂa : p. 67 | ||
| 049 | _aBNPD | ||
| 999 |
_c27171 _d27171 |
||